000
00316nam a2200133Ia 4500
008
150201s2012 xx 000 0 und d
082
_a
610.72
_b
N12Y
100
_a
YADAV, MANOJ KUMAR
245
_a
TB. OF NURSING RESEARSH
260
_b
LOTUS PUB.
_c
2012
300
_a
340
650
_a
RESEARCH
942
_2
ddc
_c
BK
_0
10
999
_c
2444
_d
2444